000 01085nas a2200349 4500
001 BR2013006342
003 BR-BrBNA
005 20231205122802.0
007 ta
008 230509b bl.|||p| |||| 00| 00por d
040 _aBR-BrBNA
_bpor
_cBiblioteca Nacional de Agricultura
041 _a(Pt)
072 _aF61; F01
100 1 _aPadovan, M.P.
100 1 _aAlmeida, D.L. de
100 1 _aGuerra, J.G.M.
100 1 _aAlves, B.J.R.
100 1 _aRibeiro, R. de L.D.
100 1 _aOliveira, F.L. de
100 1 _aSantos, L.A.
245 1 _aDesempenho de cultivares de soja sob manejo orgânico, em diferentes épocas de semeadura, para fins de adubação verde
650 _aSOJA
650 _aVARIEDADE
650 _aPRATICA CULTURAL
650 _aFIXAÇÃO DE NITROGÊNIO
650 _aNUTRIENTE
650 _aADUBO VERDE
650 _aSEMEADURA
773 0 _tPesquisa Agropecuária e Desenvolvimento Sustentável (Brazil)
_xISSN 1677-8391
_g(Dec 2003), v. 2(1) p. 47-60
_wBR2013006342
909 _a202311
_bLúcia
_c55
_dLúcia Elande
942 _2AGRIS
_n0
_cANA
999 _c230545
_d230545